<?xml version="1.0" encoding="UTF-8"?>
<record
    xmlns:xsi="http://www.w3.org/2001/XMLSchema-instance"
    xsi:schemaLocation="http://www.loc.gov/MARC21/slim http://www.loc.gov/standards/marcxml/schema/MARC21slim.xsd"
    xmlns="http://www.loc.gov/MARC21/slim">

  <leader>02592nam a2200469 a 4500</leader>
  <controlfield tag="001">57389</controlfield>
  <controlfield tag="003">BD-RjUL</controlfield>
  <controlfield tag="005">20211209080514.0</controlfield>
  <controlfield tag="008">190306s1991    au a    o     000 0 eng  </controlfield>
  <datafield tag="020" ind1=" " ind2=" ">
    <subfield code="a">9783709191538 (electronic bk.)</subfield>
  </datafield>
  <datafield tag="020" ind1=" " ind2=" ">
    <subfield code="a">370919153X (electronic bk.)</subfield>
  </datafield>
  <datafield tag="020" ind1=" " ind2=" ">
    <subfield code="z">9783211822791</subfield>
  </datafield>
  <datafield tag="020" ind1=" " ind2=" ">
    <subfield code="z">3211822798</subfield>
  </datafield>
  <datafield tag="035" ind1=" " ind2=" ">
    <subfield code="a">(OCoLC)851368723</subfield>
  </datafield>
  <datafield tag="035" ind1=" " ind2=" ">
    <subfield code="a">(BD-RjUL)57513</subfield>
  </datafield>
  <datafield tag="040" ind1=" " ind2=" ">
    <subfield code="a">AU@</subfield>
    <subfield code="b">eng</subfield>
    <subfield code="c">AU@</subfield>
    <subfield code="d">OCLCQ</subfield>
    <subfield code="d">GW5XE</subfield>
    <subfield code="d">OCLCF</subfield>
    <subfield code="d">BD-RjUL</subfield>
  </datafield>
  <datafield tag="041" ind1=" " ind2=" ">
    <subfield code="a">eng</subfield>
  </datafield>
  <datafield tag="049" ind1=" " ind2=" ">
    <subfield code="a">MYGG</subfield>
  </datafield>
  <datafield tag="082" ind1="0" ind2="4">
    <subfield code="2">23</subfield>
    <subfield code="a">616.9101</subfield>
    <subfield code="b">LIR 1991</subfield>
  </datafield>
  <datafield tag="100" ind1="1" ind2=" ">
    <subfield code="a">Liess, B.</subfield>
    <subfield code="9">229054</subfield>
  </datafield>
  <datafield tag="245" ind1="1" ind2="0">
    <subfield code="a">Ruminant Pestivirus Infections :</subfield>
    <subfield code="b">Virology, Pathogenesis, and Perspectives of Prophylaxis /</subfield>
    <subfield code="c">edited by B. Liess, V. Moennig, J. Pohlenz, G. Trautwein.</subfield>
  </datafield>
  <datafield tag="260" ind1=" " ind2=" ">
    <subfield code="a">Vienna :</subfield>
    <subfield code="b">Springer Vienna,</subfield>
    <subfield code="c">1991.</subfield>
  </datafield>
  <datafield tag="300" ind1=" " ind2=" ">
    <subfield code="a">viii, 271 pages,</subfield>
    <subfield code="b">ill.;</subfield>
    <subfield code="c">28 cm.</subfield>
  </datafield>
  <datafield tag="490" ind1="1" ind2=" ">
    <subfield code="a">Archives of Virology, Supplementum 3,</subfield>
    <subfield code="v">3</subfield>
  </datafield>
  <datafield tag="520" ind1=" " ind2=" ">
    <subfield code="a">Findings concerning various clinical manifestations in cattle and sheep have made it clear that pestivirus infections in ruminants have an economic impact similar to hog cholera. Early data justified the classification of pestiviruses as a genus of nonarthopod-borne togaviruses. Since pestiviruses are difficult to work with, progress in understanding the virus and disease gradually came to a standstill because conventional techniques failed to yield further insights. About ten years ago interest in pestivirology was revived by strong impulses of modern biotechnology and a breakthrough in pathogenesis research, i.e. in vitro translation of BVD viral proteins and the ex experimental reproduction of mucosal disease in cattle. In order to summarize and discuss these exciting developments, an international community of pestivirus researchers came together in June 1990 in Hannover (Federal Republic of Germany) for the Symposium "Ruminant Pestivirus Infections: Virology, Pathogenesis and Perspectives on Prophylaxis". This book is a selection of papers presented at this symposium.</subfield>
  </datafield>
  <datafield tag="650" ind1=" " ind2="0">
    <subfield code="a">Medicine.</subfield>
    <subfield code="9">229055</subfield>
  </datafield>
  <datafield tag="650" ind1=" " ind2="0">
    <subfield code="a">Immunology.</subfield>
    <subfield code="9">229056</subfield>
  </datafield>
  <datafield tag="650" ind1=" " ind2="0">
    <subfield code="a">Medical virology.</subfield>
    <subfield code="9">229057</subfield>
  </datafield>
  <datafield tag="650" ind1=" " ind2="0">
    <subfield code="a">Agriculture.</subfield>
    <subfield code="9">229058</subfield>
  </datafield>
  <datafield tag="650" ind1=" " ind2="0">
    <subfield code="a">Cytology.</subfield>
    <subfield code="9">229059</subfield>
  </datafield>
  <datafield tag="650" ind1=" " ind2="0">
    <subfield code="a">Forests and forestry.</subfield>
    <subfield code="9">229060</subfield>
  </datafield>
  <datafield tag="650" ind1=" " ind2="0">
    <subfield code="a">Microbiology.</subfield>
    <subfield code="9">229061</subfield>
  </datafield>
  <datafield tag="700" ind1="1" ind2=" ">
    <subfield code="a">Moennig, V.</subfield>
    <subfield code="9">229062</subfield>
  </datafield>
  <datafield tag="700" ind1="1" ind2=" ">
    <subfield code="a">Pohlenz, J.</subfield>
    <subfield code="9">229063</subfield>
  </datafield>
  <datafield tag="700" ind1="1" ind2=" ">
    <subfield code="a">Trautwein, G.</subfield>
    <subfield code="9">229064</subfield>
  </datafield>
  <datafield tag="776" ind1="0" ind2="8">
    <subfield code="i">Print version:</subfield>
    <subfield code="z">9783211822791</subfield>
  </datafield>
  <datafield tag="830" ind1=" " ind2="0">
    <subfield code="a">Archives of Virology, Supplementum 3 ;</subfield>
    <subfield code="v">3.</subfield>
    <subfield code="9">229072</subfield>
  </datafield>
  <datafield tag="942" ind1=" " ind2=" ">
    <subfield code="2">ddc</subfield>
    <subfield code="c">BK</subfield>
  </datafield>
  <datafield tag="999" ind1=" " ind2=" ">
    <subfield code="c">57389</subfield>
    <subfield code="d">57389</subfield>
  </datafield>
  <datafield tag="952" ind1=" " ind2=" ">
    <subfield code="0">0</subfield>
    <subfield code="1">0</subfield>
    <subfield code="2">ddc</subfield>
    <subfield code="4">0</subfield>
    <subfield code="7">1</subfield>
    <subfield code="8">NFIC</subfield>
    <subfield code="a">RUCL</subfield>
    <subfield code="b">RUCL</subfield>
    <subfield code="c">Reading</subfield>
    <subfield code="d">2006-05-14</subfield>
    <subfield code="e">Dhaka, Paragon Enterprise</subfield>
    <subfield code="g">206.00</subfield>
    <subfield code="l">0</subfield>
    <subfield code="o">616.9101 LIR 1991</subfield>
    <subfield code="r">2019-03-06 00:00:00</subfield>
    <subfield code="t">C-1</subfield>
    <subfield code="w">2019-03-06</subfield>
    <subfield code="y">BK</subfield>
  </datafield>
</record>
